Communes d'Auvergne Rhône-Alpes avec les salaires moyens les plus bas - Statistiques

Statistiques générales
  • Ce quiz a été pris 59 fois
  • Le résultat moyen est 8 sur 30
Statistiques - réponses
Salaire moyen
Département Ville % Correct
1307 Rhône Vénissieux
84%
1483 Loire Saint Etienne
80%
1250 Rhône Vaulx en Velin
71%
1446 Loire Roanne
43%
1276 Rhône Saint Fons
43%
1465 Ardèche Aubenas
41%
1418 Loire Rive de Gier
41%
1381 Rhône Givors
39%
1298 Loire La Ricamarie
31%
1487 Drôme Romans sur Isère
31%
1455 Rhône Villefranche sur Saône
31%
1380 Ain Nantua
27%
1389 Ain Oyonnax
27%
1499 Rhône Rillieux la Pape
24%
1439 Puy-de-Dôme Thiers
24%
1378 Isère Le Péage de Roussillon
20%
1426 Loire Le Chambon Feugerolles
18%
1461 Rhône Tarare
18%
1485 Ardèche Le Teil
14%
1495 Allier Montluçon
14%
1455 Isère La Tour du Pin
12%
1452 Isère Pont Evêque
12%
1496 Loire Boën sur Lignon
10%
1438 Drôme Saint Vallier
10%
1482 Loire Charlieu
8%
1482 Ardèche Le Pouzin
8%
1465 Savoie Moûtiers
8%
1447 Ardèche Lamastre
6%
1474 Ardèche Les Vans
6%
1458 Puy-de-Dôme Saint Eloy les Mines
4%
Aucun quiz correspondant
Distribution des résultats
% des personnes avec chaque résultat
Percentile par nombre de réponses
Votre historique - résultats
Vous n’avez pas pris ce quiz